000 00386nam a2200157Ia 4500
008 250916s9999 xx 000 0 und d
020 _a9781292354866
082 _a512.5 LEO
100 _aLeon ,Steven.J
245 0 _aLinear algebra with applications
250 _a10th,ed.
260 _aSingapur
_bPearson Education
_c2021
300 _a554
600 _aMathematics
942 _cBK
999 _c31556
_d31556